[Event "FBL S"]
[Site "?"]
[Date "2018.11.18"]
[Round "4.6"]
[White "Muench, Ursula"]
[Black "Umpfenbach, Carolin"]
[Result "0-1"]
[WhiteElo "1766"]
[BlackElo "2079"]
[PlyCount "130"]
[EventDate "2018.10.27"]
[EventType "team-tourn"]
[EventCountry "GER"]
[WhiteTeam "Augsburg SG"]
[BlackTeam "Erfurt SV Medizin"]
[WhiteTeamCountry "GER"]
[BlackTeamCountry "GER"]

1. Nf3 e6 2. g3 b6 3. Bg2 Bb7 4. O-O f5 5. d3 Nf6 6. Nc3 Bb4 7. Bd2 O-O 8. e4
fxe4 9. Ng5 Qe7 10. Ngxe4 Nxe4 11. Nxe4 d5 12. Bxb4 Qxb4 13. Ng5 Qd6 14. Qg4
Bc8 15. c4 h6 16. Nf3 Nd7 17. Rae1 Nf6 18. Qd4 Bd7 19. Ne5 c5 20. Qe3 Rae8 21.
Nxd7 Nxd7 22. f4 d4 23. Qe2 Kh8 24. Bh3 Rf6 25. Qe4 Nf8 26. Rf2 Rf7 27. Rfe2
Rfe7 28. Kf2 Qc7 29. Qe5 Qb7 30. Qe4 Qc7 31. Bg2 Qb8 32. Bh3 Qc7 33. Kg2 Nh7
34. Qe5 Qb7+ 35. Kg1 Qf3 36. Qe4 Qh5 37. Qg2 Qf7 38. Qe4 Qh5 39. Qg2 Qf7 40.
Re5 Qg6 41. f5 Qf6 42. Qe2 Ng5 43. Bg2 g6 44. h4 Nf7 45. Rxe6 Rxe6 46. fxe6 Nd6
47. Qe5 Qxe5 48. Rxe5 Kg7 49. Bd5 Nf5 50. Kg2 Ne3+ 51. Kh3 Kf6 52. Re4 g5 53.
g4 Re7 54. Kg3 Rg7 55. h5 Rc7 56. b3 Ke7 57. Re5 Rc8 58. Rf5 Nxf5+ 59. gxf5 Kf6
60. Kg4 a6 61. Bb7 Rb8 62. Bc6 b5 63. Bd5 a5 64. Kf3 bxc4 65. Bxc4 Kxf5 0-1

[Event "FBL S"]
[Site "?"]
[Date "2018.11.18"]
[Round "4.2"]
[White "Hund, Sarah"]
[Black "Krasnopeyeva, Julia"]
[Result "1-0"]
[WhiteElo "2041"]
[BlackElo "1939"]
[PlyCount "159"]
[EventDate "2018.10.27"]
[EventType "team-tourn"]
[EventCountry "GER"]
[WhiteTeam "Freiburg SK Zaehringen"]
[BlackTeam "Mainz TSV Schott"]
[WhiteTeamCountry "GER"]
[BlackTeamCountry "GER"]

1. e4 c5 2. Nc3 Nc6 3. f4 d6 4. Nf3 e6 5. Bb5 Bd7 6. O-O g6 7. d3 Bg7 8. Ne2
Qb6 9. a4 Nge7 10. Qe1 a6 11. Bxc6 bxc6 12. Kh1 d5 13. Qh4 Nc8 14. c3 Nd6 15.
Ng3 Qd8 16. Qh3 e5 17. f5 dxe4 18. dxe4 Nxe4 19. Nxe5 Bxe5 20. Nxe4 Bxf5 21.
Qf3 Qh4 22. Ng3 O-O 23. Re1 Bxg3 24. Qxg3 Qxg3 25. hxg3 Rfe8 26. Be3 c4 27. a5
Be6 28. Kg1 Rad8 29. Kf2 h5 30. Bd4 Rd5 31. Re5 Rb8 32. Re2 Rbb5 33. Bb6 Rd3
34. Bd4 Rf5+ 35. Kg1 Rxg3 36. Be5 Rd3 37. Ra4 Rd1+ 38. Kh2 Rff1 39. Rb4 Rh1+
40. Kg3 h4+ 41. Kf4 Rd8 42. Rb6 h3 43. gxh3 Rxh3 44. Rxa6 Rh4+ 45. Kg3 g5 46.
Bd4 Rh3+ 47. Kf2 g4 48. Rxc6 g3+ 49. Ke1 Bd5 50. Rc5 Kh7 51. Re5 Bf3 52. Rg5
Rh1+ 53. Kd2 g2 54. Ke3 Ba8 55. Kf2 Rf1+ 56. Ke2 Bf3+ 57. Ke3 Re8+ 58. Rce5
Rxe5+ 59. Bxe5 g1=Q+ 60. Rxg1 Rxg1 61. Kxf3 Ra1 62. Bc7 Kg6 63. Ke4 Ra2 64. Kd5
Rxb2 65. Kxc4 Rb7 66. Bd6 Kf5 67. a6 Ra7 68. Kb5 Ke6 69. Bc5 Ra8 70. a7 Kd7 71.
Kb6 Rc8 72. Bd4 Rc6+ 73. Kb5 Rc8 74. Be5 Ra8 75. Kb6 Kc8 76. Bd4 f5 77. c4 f4
78. Kc6 f3 79. Bf2 Kd8 80. Kb7 1-0

[Event "FBL S"]
[Site "?"]
[Date "2018.11.18"]
[Round "4.3"]
[White "Voss, Chantal"]
[Black "Hund, Isabel"]
[Result "1/2-1/2"]
[WhiteElo "1937"]
[BlackElo "2051"]
[PlyCount "116"]
[EventDate "2018.10.27"]
[EventType "team-tourn"]
[EventCountry "GER"]
[WhiteTeam "Mainz TSV Schott"]
[BlackTeam "Freiburg SK Zaehringen"]
[WhiteTeamCountry "GER"]
[BlackTeamCountry "GER"]

1. d4 Nf6 2. c4 g6 3. Nc3 Bg7 4. e4 d6 5. Nf3 c5 6. Be2 cxd4 7. Nxd4 Nc6 8. Be3
O-O 9. O-O Nxd4 10. Bxd4 Be6 11. Rc1 Qd7 12. f4 Rfc8 13. b3 Ne8 14. Bxg7 Nxg7
15. Qd4 f5 16. Rcd1 Qc7 17. Nd5 Bxd5 18. Qxd5+ Kf8 19. Kh1 Qc6 20. Bf3 Qxd5 21.
Rxd5 Rc7 22. g4 fxg4 23. Bxg4 Rc5 24. Rd3 Kg8 25. f5 gxf5 26. exf5 Rf8 27. f6
Rxf6 28. Rxf6 exf6 29. Rxd6 f5 30. Bf3 Rc7 31. Bd5+ Kf8 32. Rf6+ Ke7 33. Rh6 b6
34. Rxh7 Kf6 35. Kg2 Re7 36. Kf3 Re1 37. Rh8 Ra1 38. a4 Rb1 39. c5 bxc5 40. Ra8
Ne6 41. Rxa7 Nd4+ 42. Ke3 Ke5 43. Bc4 f4+ 44. Kf2 Rb2+ 45. Kf1 Nxb3 46. Kg1 Nd2
47. Be2 f3 48. Bb5 Ne4 49. h4 Rg2+ 50. Kf1 Ng3+ 51. Ke1 f2+ 52. Kd1 f1=Q+ 53.
Bxf1 Nxf1 54. a5 Kd4 55. a6 Ne3+ 56. Ke1 Ra2 57. h5 Nc2+ 58. Kd1 Ne3+ 1/2-1/2

[Event "FBL S"]
[Site "?"]
[Date "2018.11.18"]
[Round "4.4"]
[White "Frank, Tena"]
[Black "Katte, Isabel"]
[Result "0-1"]
[WhiteElo "1909"]
[BlackElo "1903"]
[PlyCount "70"]
[EventDate "2018.10.27"]
[EventType "team-tourn"]
[EventCountry "GER"]
[WhiteTeam "Freiburg SK Zaehringen"]
[BlackTeam "Mainz TSV Schott"]
[WhiteTeamCountry "GER"]
[BlackTeamCountry "GER"]

1. d4 e6 2. c4 b6 3. Nc3 Bb7 4. e4 Bb4 5. Bd3 f5 6. d5 fxe4 7. Bxe4 Qh4 8. Qd3
exd5 9. Bxd5 Bxd5 10. cxd5 Nf6 11. Bd2 O-O 12. O-O-O d6 13. g3 Qg4 14. Nge2
Nbd7 15. f3 Nc5 16. Qc2 Qxf3 17. Rhf1 Qd3 18. Nf4 Qxc2+ 19. Kxc2 Rae8 20. Nb5
Bxd2 21. Rxd2 a6 22. Nd4 Nxd5 23. Rh1 Nxf4 24. gxf4 Rxf4 25. b4 Nd7 26. a3 Ne5
27. Kc3 c5 28. bxc5 dxc5 29. Ne2 Rf3+ 30. Kc2 Rxa3 31. Nc3 Nf3 32. Rd3 Nd4+ 33.
Kb2 Rb3+ 34. Ka2 Re2+ 35. Nxe2 Rxd3 0-1

[Event "FBL S"]
[Site "?"]
[Date "2018.11.18"]
[Round "4.5"]
[White "Kalina, Lena"]
[Black "Thode, Gilda"]
[Result "0-1"]
[WhiteElo "1452"]
[BlackElo "1942"]
[PlyCount "106"]
[EventDate "2018.10.27"]
[EventType "team-tourn"]
[EventCountry "GER"]
[WhiteTeam "Mainz TSV Schott"]
[BlackTeam "Freiburg SK Zaehringen"]
[WhiteTeamCountry "GER"]
[BlackTeamCountry "GER"]

1. d4 e6 2. c4 Nf6 3. Nf3 b6 4. a3 Bb7 5. Nc3 Ne4 6. Bd2 Nxd2 7. Qxd2 f5 8. Qd3
Be7 9. e4 fxe4 10. Nxe4 O-O 11. Be2 Rf4 12. Ned2 c5 13. dxc5 Bxc5 14. b4 Qf6
15. O-O Be7 16. Qe3 Bd6 17. Bd3 Rg4 18. h3 Bf4 19. Qe2 Rxg2+ 20. Kxg2 Qg5+ 21.
Kh1 Qh5 22. Ne4 Qxh3+ 23. Kg1 Qg4+ 24. Kh1 Qh5+ 25. Kg2 Qg4+ 26. Ng3 h5 27. Be4
Bxe4 28. Qxe4 Nc6 29. Rh1 Bxg3 30. Qxg4 hxg4 31. Kxg3 gxf3 32. Kxf3 Ne5+ 33.
Ke2 Nxc4 34. Rhc1 d5 35. Kd3 b5 36. Kd4 Kf7 37. f4 Rh8 38. Rh1 Rf8 39. Rh3 Ke7
40. Rh4 Kd6 41. a4 g5 42. fxg5 Rf3 43. Rh6 Nb2 44. Rxe6+ Kxe6 45. Kc5 Rc3+ 46.
Kxb5 Kd6 47. Rg1 Rc6 48. Rg4 Rb6+ 49. Ka5 Nc4+ 50. Rxc4 dxc4 51. g6 Rb7 52. b5
c3 53. Ka6 Rg7 0-1

[Event "FBL S"]
[Site "?"]
[Date "2018.11.18"]
[Round "4.6"]
[White "Spiegelberg, Silvia"]
[Black "Zemke, Christine"]
[Result "1-0"]
[WhiteElo "1893"]
[BlackElo "1704"]
[PlyCount "123"]
[EventDate "2018.10.27"]
[EventType "team-tourn"]
[EventCountry "GER"]
[WhiteTeam "Freiburg SK Zaehringen"]
[BlackTeam "Mainz TSV Schott"]
[WhiteTeamCountry "GER"]
[BlackTeamCountry "GER"]

1. e4 d5 2. exd5 Qxd5 3. Nc3 Qd8 4. d4 Nf6 5. h3 g6 6. Be3 Bg7 7. Qd2 Bf5 8.
Nf3 Nd5 9. Nxd5 Qxd5 10. c4 Qd8 11. Be2 c6 12. O-O Na6 13. Bh6 O-O 14. Bxg7
Kxg7 15. Rac1 Nc7 16. Rfd1 Ne8 17. Qb4 Qc7 18. d5 c5 19. Qc3+ Kg8 20. b4 b6 21.
a3 Rc8 22. Bd3 Bd7 23. Re1 Qd6 24. Qe5 cxb4 25. Qxd6 exd6 26. axb4 Nf6 27. Ra1
Ra8 28. Ra3 Rfc8 29. Nd4 Kf8 30. Kh2 Rc7 31. Bf1 Rd8 32. Rea1 Ra8 33. Bd3 Nh5
34. g3 Nf6 35. Ra6 Rb7 36. Nc6 b5 37. Na5 Rb6 38. Nb3 Rxa6 39. Rxa6 bxc4 40.
Bxc4 Ke7 41. Nd4 Ne8 42. Ra3 Nc7 43. b5 h6 44. g4 Kf6 45. f4 Ke7 46. Kg3 Kd8
47. Nc6+ Kc8 48. Re3 Kb7 49. Re7 Be8 50. f5 Rc8 51. fxg6 fxg6 52. Rh7 h5 53. g5
Kb6 54. Rg7 Nxb5 55. Bxb5 Bxc6 56. Bxc6 a5 57. Rxg6 Kc5 58. Rf6 Rb8 59. g6 Rg8
60. Kh4 a4 61. Bxa4 Kxd5 62. Bb3+ 1-0

[Event "FBL S"]
[Site "?"]
[Date "2018.11.18"]
[Round "4.4"]
[White "Zimmer, Elke"]
[Black "Riegel, Arinna"]
[Result "1/2-1/2"]
[WhiteElo "1930"]
[BlackElo "1925"]
[PlyCount "205"]
[EventDate "2018.10.27"]
[EventType "team-tourn"]
[EventCountry "GER"]
[WhiteTeam "Wadgassen SF"]
[BlackTeam "Langen SK"]
[WhiteTeamCountry "GER"]
[BlackTeamCountry "GER"]

1. e4 c5 2. Nc3 Nc6 3. Bc4 a6 4. a4 e6 5. d3 Qc7 6. Nf3 Nf6 7. Bd2 Be7 8. O-O
O-O 9. Re1 d6 10. Ba2 b6 11. h3 Bb7 12. Bf4 h6 13. Qd2 Kh7 14. g4 e5 15. Be3
Nd4 16. Qd1 Qd7 17. Bxd4 cxd4 18. Ne2 Rac8 19. Ng3 g6 20. Bb3 Kg7 21. Kg2 Ne8
22. Nd2 Nc7 23. f3 Ne6 24. Bxe6 Qxe6 25. Nc4 Bd8 26. Qd2 Qd7 27. b3 Qc6 28. Re2
Qc5 29. Qe1 Bg5 30. h4 Bf6 31. h5 Rh8 32. b4 Qc7 33. b5 a5 34. hxg6 fxg6 35.
Qf2 Rhf8 36. Rh1 Bg5 37. Qe1 Rce8 38. Rf1 Bc8 39. Qa1 Be6 40. Na3 Rf7 41. Nb1
Ref8 42. c4 Rf6 43. Nd2 Kf7 44. Qd1 Ke8 45. Rh1 Qc5 46. Ngf1 Qa3 47. Nb1 Qb4
48. Nfd2 Qc5 49. Ree1 Qc7 50. Qe2 Qf7 51. Ref1 Qg7 52. Rfg1 Be3 53. Kf1 Bxg1
54. Rxg1 Rf4 55. Ke1 Qe7 56. Qh2 Qg5 57. Kd1 Rh8 58. Kc2 h5 59. gxh5 Qxh5 60.
Qg3 Bf7 61. Rg2 Qh4 62. Qxh4 Rhxh4 63. Kd1 Rh3 64. Ke2 Ke7 65. Na3 Kf6 66. Nc2
g5 67. Ne1 Rfh4 68. Nf1 Be6 69. Rf2 Ke7 70. Kd2 g4 71. Ng2 g3 72. Nxg3 Rh8 73.
Nf1 Rf8 74. f4 exf4 75. Nxf4 Rh6 76. Ng3 Rf7 77. Ke1 Kd7 78. Nxe6 Rxf2 79. Nc5+
dxc5 80. Kxf2 Rh2+ 81. Kf3 Ra2 82. e5 Rxa4 83. Ke4 Ke6 84. Nh5 Ra1 85. Nf4+ Kd7
86. Kd5 a4 87. e6+ Ke8 88. Kd6 Re1 89. Nd5 Rxe6+ 90. Kxe6 a3 91. Nxb6 a2 92.
Nd7 a1=Q 93. Nxc5 Qb2 94. Kd6 Qh2+ 95. Kc6 Qh6+ 96. Kd5 Qf6 97. Ne4 Qb6 98. c5
Qd8+ 99. Nd6+ Kd7 100. Kxd4 Qf6+ 101. Kc4 Qf4+ 102. d4 Qc1+ 103. Kd3 1/2-1/2

[Event "FBL S"]
[Site "?"]
[Date "2018.11.18"]
[Round "4.5"]
[White "Flach, Helene"]
[Black "Dellert, Lena"]
[Result "1-0"]
[WhiteElo "1849"]
[BlackElo "1891"]
[PlyCount "71"]
[EventDate "2018.10.27"]
[EventType "team-tourn"]
[EventCountry "GER"]
[WhiteTeam "Langen SK"]
[BlackTeam "Wadgassen SF"]
[WhiteTeamCountry "GER"]
[BlackTeamCountry "GER"]

1. e4 e6 2. d4 d5 3. Nd2 c5 4. exd5 Qxd5 5. Nb3 c4 6. Nd2 Qxd4 7. Bxc4 Nf6 8.
Ngf3 Qc5 9. O-O Bd6 10. Qe2 O-O 11. Nb3 Qc7 12. Bg5 Nbd7 13. Nbd4 Nb6 14. Bb3
a6 15. Bxf6 gxf6 16. c3 e5 17. Nc2 Be6 18. Nh4 Kh8 19. Qh5 Rg8 20. Ne3 Bxb3 21.
axb3 Rg5 22. Qh6 Nd7 23. Nd5 Qd8 24. Nf3 Rg6 25. Qh3 Nc5 26. b4 Ne6 27. Rad1
Qf8 28. Qf5 Qg7 29. g3 Rg8 30. Kh1 Ng5 31. Nxg5 fxg5 32. Qd7 b5 33. Ne3 Bb8 34.
Nf5 Qf6 35. Ne7 Qf3+ 36. Kg1 1-0

[Event "FBL S"]
[Site "?"]
[Date "2018.11.18"]
[Round "4.6"]
[White "Leinenbach, Janine"]
[Black "Buchholz, Maja"]
[Result "1/2-1/2"]
[WhiteElo "1742"]
[BlackElo "1365"]
[PlyCount "103"]
[EventDate "2018.10.27"]
[EventType "team-tourn"]
[EventCountry "GER"]
[WhiteTeam "Wadgassen SF"]
[BlackTeam "Langen SK"]
[WhiteTeamCountry "GER"]
[BlackTeamCountry "GER"]

1. c4 c5 2. Nc3 Nf6 3. g3 g6 4. Bg2 Bg7 5. d3 Nc6 6. e3 O-O 7. Nge2 d6 8. O-O
Bd7 9. b3 e6 10. Bb2 a6 11. Qd2 Rb8 12. Rfd1 Qc7 13. Ne4 Nxe4 14. Bxe4 f6 15.
Bg2 Ne7 16. d4 Bc6 17. dxc5 dxc5 18. Nf4 Rbd8 19. Qe2 Rxd1+ 20. Rxd1 Bxg2 21.
Kxg2 Qc6+ 22. Qf3 Qxf3+ 23. Kxf3 Kf7 24. Rd7 Rb8 25. Ba3 b6 26. e4 a5 27. Bc1
Ke8 28. Rd6 e5 29. Nd5 Nxd5 30. Rxd5 Rd8 31. h4 Rxd5 32. cxd5 Bf8 33. Ke2 Kd7
34. Kd3 Bd6 35. Kc4 Kc7 36. Bd2 Kb7 37. Kb5 Bc7 38. a3 Bd6 39. b4 axb4 40. axb4
c4 41. Kxc4 Ka6 42. b5+ Kb7 43. g4 Kc7 44. Be3 Kb7 45. Kd3 Kc7 46. h5 g5 47.
Kc4 h6 48. Bd2 Bc5 49. d6+ Kxd6 50. f3 Ke6 51. Bc3 Kd6 52. Be1 1/2-1/2

[Event "FBL S"]
[Site "?"]
[Date "2018.11.18"]
[Round "4.1"]
[White "Timofeeva, Galina"]
[Black "Palkova, Katerina"]
[Result "1-0"]
[WhiteElo "2032"]
[BlackElo "2030"]
[PlyCount "77"]
[EventDate "2018.10.27"]
[EventType "team-tourn"]
[EventCountry "GER"]
[WhiteTeam "Stuttgart SV Wolfbusch"]
[BlackTeam "Regensburg SC Bavaria"]
[WhiteTeamCountry "GER"]
[BlackTeamCountry "GER"]

1. e4 d6 2. Nf3 Nf6 3. d3 e5 4. h3 Be7 5. g3 Be6 6. Bg2 O-O 7. O-O Nc6 8. d4
exd4 9. Nxd4 Nxd4 10. Qxd4 Nd7 11. Nc3 c6 12. Be3 f5 13. Bf4 Nb6 14. Rad1 c5
15. Qd2 Nc4 16. Qc1 fxe4 17. Bxe4 g5 18. Be3 Nxe3 19. Qxe3 Bxh3 20. Rfe1 Bf6
21. Nb5 Be5 22. Bxb7 Rb8 23. Qb3+ Kh8 24. Rxe5 Qf6 25. Re2 Rxb7 26. Rxd6 Qf5
27. Qc3+ Kg8 28. Qc4+ Rbf7 29. Rd5 Qf6 30. Rxc5 h6 31. Qc3 Qb6 32. Nd4 Bg4 33.
Rd2 Re8 34. Rc6 Qb7 35. Rd3 Kh7 36. Re3 Ref8 37. Qd3+ Bf5 38. Nxf5 Rxf5 39.
Ree6 1-0

[Event "FBL S"]
[Site "?"]
[Date "2018.11.18"]
[Round "4.3"]
[White "Siegl, Melina"]
[Black "Pavlov, Liliane"]
[Result "1-0"]
[WhiteElo "2004"]
[BlackElo "1728"]
[PlyCount "125"]
[EventDate "2018.10.27"]
[EventType "team-tourn"]
[EventCountry "GER"]
[WhiteTeam "Stuttgart SV Wolfbusch"]
[BlackTeam "Regensburg SC Bavaria"]
[WhiteTeamCountry "GER"]
[BlackTeamCountry "GER"]

1. e4 b6 2. d4 Bb7 3. Bd3 e6 4. c3 Nf6 5. Qe2 Be7 6. Nd2 c5 7. dxc5 Bxc5 8.
Ngf3 Nc6 9. e5 Nd5 10. Ne4 Be7 11. Bc4 Na5 12. Bd3 h6 13. Nd4 a6 14. Qg4 g6 15.
f4 Nc6 16. Nf3 d6 17. Bc2 Qd7 18. Bd2 O-O-O 19. b4 dxe5 20. fxe5 Na7 21. O-O g5
22. Qg3 f5 23. exf6 Nxf6 24. Nxf6 Bxf6 25. Be3 Qc7 26. Qxc7+ Kxc7 27. Nd4 Bxd4
28. Bxd4 Rhe8 29. Bg6 Rf8 30. Rxf8 Rxf8 31. Rf1 Rxf1+ 32. Kxf1 Bd5 33. Bg7 Bxa2
34. Bxh6 Nb5 35. Bxg5 Nxc3 36. h4 Bd5 37. h5 Be4 38. Bxe4 Nxe4 39. Bf4+ Kd7 40.
h6 Nf6 41. g4 Nh7 42. g5 Nf8 43. Be5 Ke7 44. Bd4 Kf7 45. Bxb6 Kg6 46. Be3 Nd7
47. Ke2 Ne5 48. Kd2 Kh7 49. Kc3 Kg6 50. Kd4 Nd7 51. Kc4 Kh7 52. Kb3 Nb8 53. Bf4
Nc6 54. Kc4 e5 55. Bd2 Nb8 56. Kd5 Nd7 57. Be3 Kg6 58. Kd6 Nf8 59. Kxe5 Kh7 60.
Kd6 Ng6 61. Kc6 Ne7+ 62. Kb7 Nd5 63. Bd2 1-0

[Event "FBL S"]
[Site "?"]
[Date "2018.11.18"]
[Round "4.4"]
[White "Hofmann, Karina"]
[Black "Ley, Sabrina"]
[Result "1-0"]
[WhiteElo "1626"]
[BlackElo "1861"]
[PlyCount "65"]
[EventDate "2018.10.27"]
[EventType "team-tourn"]
[EventCountry "GER"]
[WhiteTeam "Regensburg SC Bavaria"]
[BlackTeam "Stuttgart SV Wolfbusch"]
[WhiteTeamCountry "GER"]
[BlackTeamCountry "GER"]

1. f4 Nf6 2. Nf3 g6 3. e3 Bg7 4. Nc3 O-O 5. d4 d5 6. Bd3 c5 7. dxc5 Qa5 8. Bd2
Qxc5 9. Qe2 Nc6 10. h3 Nb4 11. O-O Nxd3 12. cxd3 b5 13. b4 Qb6 14. Nd4 a6 15.
Nb3 Rd8 16. d4 Ne8 17. Nc5 Qc6 18. a4 bxa4 19. Rxa4 Nd6 20. Rfa1 Nc4 21. b5 Qb6
22. Nxd5 Rxd5 23. Qxc4 Qd6 24. b6 Be6 25. b7 Rb8 26. Nxe6 fxe6 27. Qc8+ Kf7 28.
Rxa6 Qd8 29. Qxe6+ Kf8 30. Ra8 Rd6 31. Rxb8 Qxb8 32. Qxd6 Qxd6 33. Ra8+ 1-0

[Event "FBL S"]
[Site "?"]
[Date "2018.11.18"]
[Round "4.5"]
[White "Kobald, Jacqueline"]
[Black "Wetzler, Sophia"]
[Result "1-0"]
[WhiteElo "1911"]
[BlackElo "1735"]
[PlyCount "95"]
[EventDate "2018.10.27"]
[EventType "team-tourn"]
[EventCountry "GER"]
[WhiteTeam "Stuttgart SV Wolfbusch"]
[BlackTeam "Regensburg SC Bavaria"]
[WhiteTeamCountry "GER"]
[BlackTeamCountry "GER"]

1. e4 e5 2. Nf3 Nc6 3. Bb5 a6 4. Ba4 Nf6 5. Qe2 Be7 6. O-O d6 7. c3 Bg4 8. d3
O-O 9. h3 Bh5 10. Rd1 Nd7 11. g4 Bg6 12. Be3 b5 13. Bb3 Na5 14. Bc2 c5 15. Nbd2
Nb7 16. a4 Qc7 17. Nf1 Nf6 18. Ng3 d5 19. g5 dxe4 20. gxf6 exf3 21. Qxf3 Bxf6
22. Qg4 Be7 23. Nf5 Bxf5 24. Qxf5 g6 25. Qf3 Rad8 26. Bh6 Rfe8 27. axb5 axb5
28. Bb3 Nd6 29. Bd5 Nf5 30. Bd2 Rd6 31. c4 b4 32. Ra2 Kg7 33. Rda1 Rb6 34. Ra7
Qd6 35. h4 h6 36. h5 Qf6 37. Rc7 g5 38. Raa7 Nd4 39. Qe4 Ne6 40. Rd7 Nf4 41.
Bxf4 gxf4 42. Kf1 Qg5 43. Qf3 Kf8 44. Rdc7 Rf6 45. Bc6 Bd6 46. Bxe8 Bxc7 47.
Rxc7 Kxe8 48. Qa8# 1-0

[Event "FBL S"]
[Site "?"]
[Date "2018.12.09"]
[Round "5.1"]
[White "Blanter, Sofya"]
[Black "Birkholz, Olga"]
[Result "1-0"]
[WhiteElo "1756"]
[BlackElo "2061"]
[PlyCount "93"]
[EventDate "2018.10.27"]
[EventType "team-tourn"]
[EventCountry "GER"]
[WhiteTeam "Regensburg SC Bavaria"]
[BlackTeam "Augsburg SG"]
[WhiteTeamCountry "GER"]
[BlackTeamCountry "GER"]

1. d4 Nf6 2. c4 g6 3. g3 Bg7 4. Bg2 d6 5. Nc3 Nbd7 6. Nf3 O-O 7. O-O h6 8. Re1
e5 9. e4 Re8 10. Rb1 a5 11. a3 Nh5 12. b4 axb4 13. axb4 exd4 14. Nxd4 Nb6 15.
Qd3 Na4 16. Nxa4 Rxa4 17. Qb3 Ra8 18. Bb2 Nf6 19. Rbd1 Bd7 20. Rd2 Qc8 21. Rde2
Bg4 22. f3 Bh3 23. Nb5 Bxg2 24. Kxg2 Nd7 25. Bxg7 Kxg7 26. Qc3+ f6 27. f4 Kh7
28. c5 dxc5 29. bxc5 Re6 30. Nd4 Re7 31. c6 bxc6 32. Nxc6 Rg7 33. e5 fxe5 34.
fxe5 Qb7 35. Kh3 Re8 36. e6 Nb8 37. Nb4 Na6 38. Nd3 Ree7 39. Nf4 c5 40. Qc4 g5
41. Nd5 g4+ 42. Kh4 Rg6 43. Qe4 Nb4 44. Nf6+ Kg7 45. Nh5+ Kh7 46. Qxb7 Rxb7 47.
e7 1-0

[Event "FBL S"]
[Site "?"]
[Date "2018.12.09"]
[Round "5.2"]
[White "Horvath, Maria"]
[Black "Pavlov, Liliane"]
[Result "1/2-1/2"]
[WhiteElo "1992"]
[BlackElo "1715"]
[PlyCount "107"]
[EventDate "2018.10.27"]
[EventType "team-tourn"]
[EventCountry "GER"]
[WhiteTeam "Augsburg SG"]
[BlackTeam "Regensburg SC Bavaria"]
[WhiteTeamCountry "GER"]
[BlackTeamCountry "GER"]

1. d4 b6 2. Nf3 Bb7 3. e3 e6 4. Bd3 Nf6 5. Nbd2 c5 6. b3 cxd4 7. exd4 Nc6 8. a3
Nd5 9. Ne4 f5 10. Ng3 Bd6 11. Ne2 Qc7 12. c4 Nf4 13. Nxf4 Bxf4 14. Bb2 O-O 15.
O-O Ne7 16. h3 Ng6 17. Be2 d5 18. Bc1 Rac8 19. Re1 Rfe8 20. Bf1 Qd6 21. Be3
dxc4 22. Bxc4 Bd5 23. Bb5 Red8 24. Bxf4 Qxf4 25. Ne5 Nxe5 26. Rxe5 Rc3 27. Bc4
Bxc4 28. bxc4 Rxd4 29. Qe1 Rdxc4 30. Rd1 Rc1 31. Re3 Rxd1 32. Qxd1 Rd4 33. Qc1
Rc4 34. Qd1 Qc7 35. Re1 Rc5 36. g3 e5 37. Qa4 Kf8 38. Qh4 h6 39. Qb4 a5 40. Qb1
g6 41. Rd1 b5 42. Qd3 b4 43. axb4 axb4 44. Qd2 f4 45. Qxb4 Kg7 46. Qa4 Rc1 47.
Rxc1 Qxc1+ 48. Kg2 Qc7 49. gxf4 exf4 50. Qd4+ Kh7 51. Qe4 Kg7 52. Qd4+ Kf7 53.
Kf3 g5 54. Qd5+ 1/2-1/2

[Event "FBL S"]
[Site "?"]
[Date "2018.12.09"]
[Round "5.3"]
[White "Oberhofer, Marie"]
[Black "Woniak, Katarzyna"]
[Result "1-0"]
[WhiteElo "1731"]
[BlackElo "1930"]
[PlyCount "69"]
[EventDate "2018.10.27"]
[EventType "team-tourn"]
[EventCountry "GER"]
[WhiteTeam "Regensburg SC Bavaria"]
[BlackTeam "Augsburg SG"]
[WhiteTeamCountry "GER"]
[BlackTeamCountry "GER"]

1. e4 c6 2. d4 d5 3. e5 g6 4. Nf3 Bg7 5. Be2 h5 6. O-O Nh6 7. c4 dxc4 8. Bxc4
O-O 9. Nc3 Bf5 10. Re1 e6 11. Bg5 Qc7 12. Qd2 Kh7 13. Ne4 Bxe4 14. Rxe4 Nd7 15.
Bd3 Nb6 16. Bf6 Bxf6 17. exf6 Ng4 18. Qg5 Nd5 19. Rxg4 hxg4 20. Ne5 Nxf6 21.
Qxf6 Qd8 22. Bxg6+ fxg6 23. Qxg6+ Kh8 24. Qh6+ Kg8 25. Qxe6+ Kh7 26. Qg6+ Kh8
27. Qh5+ Kg7 28. Qxg4+ Kh7 29. Qg6+ Kh8 30. Nf7+ Rxf7 31. Qxf7 Qxd4 32. Qxb7
Rf8 33. Rf1 Rf6 34. Qb3 Kh7 35. Qc2+ 1-0

[Event "FBL S"]
[Site "?"]
[Date "2018.12.09"]
[Round "5.4"]
[White "Braun, Kristin"]
[Black "Schilay, Eva"]
[Result "1-0"]
[WhiteElo "1904"]
[BlackElo "1650"]
[PlyCount "105"]
[EventDate "2018.10.27"]
[EventType "team-tourn"]
[EventCountry "GER"]
[WhiteTeam "Augsburg SG"]
[BlackTeam "Regensburg SC Bavaria"]
[WhiteTeamCountry "GER"]
[BlackTeamCountry "GER"]

1. Nf3 Nf6 2. d4 d5 3. e3 e6 4. Bd3 Bd6 5. O-O O-O 6. b3 b6 7. Bb2 Bb7 8. Nbd2
Re8 9. Ne5 c5 10. f4 Nc6 11. a3 a6 12. Rf3 b5 13. dxc5 Bxc5 14. Rh3 g6 15. b4
Bb6 16. Ng4 d4 17. e4 Rc8 18. Nh6+ Kg7 19. e5 Nd5 20. Nxf7 Ne3 21. Nxd8 Nxd1
22. Nxb7 Nxb2 23. Nd6 Nxd3 24. cxd3 Ne7 25. Nxe8+ Rxe8 26. Rc1 Rf8 27. Rf3 a5
28. bxa5 Bxa5 29. Ne4 Rb8 30. Ng5 Bc3 31. Nxe6+ Kf7 32. Ng5+ Kg8 33. Ne4 Nd5
34. Nxc3 dxc3 35. d4 Rc8 36. Kf1 Rc4 37. g3 Rxd4 38. Ke1 Kf7 39. Rc2 Ra4 40.
Rfxc3 Nxc3 41. Rxc3 Ke6 42. Kd2 g5 43. fxg5 Kxe5 44. Rb3 Ke6 45. h4 Ra5 46. Kc3
Ra4 47. Kb2 Rg4 48. Rxb5 Rxg3 49. Rb4 Kf7 50. a4 Re3 51. a5 Re7 52. a6 Ra7 53.
Rb7+ 1-0

[Event "FBL S"]
[Site "?"]
[Date "2018.12.09"]
[Round "5.5"]
[White "Hofmann, Karina"]
[Black "Nentwig, Nicole"]
[Result "0-1"]
[WhiteElo "1689"]
[BlackElo "1856"]
[PlyCount "72"]
[EventDate "2018.10.27"]
[EventType "team-tourn"]
[EventCountry "GER"]
[WhiteTeam "Regensburg SC Bavaria"]
[BlackTeam "Augsburg SG"]
[WhiteTeamCountry "GER"]
[BlackTeamCountry "GER"]

1. f4 d5 2. Nf3 Nc6 3. e3 Bg4 4. Bb5 Qd6 5. h3 Bxf3 6. Qxf3 Nf6 7. b3 Qc5 8.
Nc3 a6 9. Bxc6+ Qxc6 10. Bb2 e6 11. O-O-O Bb4 12. Ne2 Rg8 13. f5 O-O-O 14. Bxf6
gxf6 15. Nd4 Ba3+ 16. Kb1 Qd6 17. fxe6 fxe6 18. Qxf6 Rg6 19. Qf2 Rf8 20. Qe2 e5
21. Nf3 e4 22. Nh4 Qf6 23. c3 Qxh4 24. g4 Rf2 25. Qe1 Rgf6 26. Rf1 R6f3 27. Kc2
Bc5 28. Rxf2 Qxf2 29. Qxf2 Rxf2 30. Re1 Kd7 31. b4 Be7 32. Rh1 Bh4 33. a4 Kd6
34. b5 axb5 35. axb5 Kc5 36. Rb1 Bg5 0-1

[Event "FBL S"]
[Site "?"]
[Date "2018.12.09"]
[Round "5.6"]
[White "Muench, Ursula"]
[Black "Wetzler, Sophia"]
[Result "1-0"]
[WhiteElo "1778"]
[BlackElo "1719"]
[PlyCount "103"]
[EventDate "2018.10.27"]
[EventType "team-tourn"]
[EventCountry "GER"]
[WhiteTeam "Augsburg SG"]
[BlackTeam "Regensburg SC Bavaria"]
[WhiteTeamCountry "GER"]
[BlackTeamCountry "GER"]

1. Nf3 Nc6 2. g3 d6 3. Bg2 e5 4. d3 Be6 5. O-O Be7 6. Nbd2 Qd7 7. Ne4 h6 8. d4
d5 9. Nc5 Bxc5 10. dxc5 Qe7 11. b4 Nxb4 12. Nxe5 Qxc5 13. Ba3 Qc3 14. Bxb4 Qxe5
15. Qd3 Ne7 16. Bc3 Qg5 17. Qb5+ c6 18. Qxb7 O-O 19. h4 Rfb8 20. Qxb8+ Rxb8 21.
hxg5 hxg5 22. Rfb1 Rd8 23. Rb7 Nf5 24. Rab1 d4 25. Ba5 Rc8 26. Rb8 Kh7 27. Rxc8
Bxc8 28. Bxc6 Kh6 29. Rb8 Ba6 30. Be4 g6 31. Bd3 Bxd3 32. cxd3 Ne7 33. Bc7 Nd5
34. Be5 g4 35. Bxd4 f5 36. Ra8 f4 37. gxf4 g5 38. fxg5+ Kxg5 39. Rxa7 Kh4 40.
Rh7+ Kg5 41. a4 Nf4 42. Be3 Kf5 43. Rf7+ Kg6 44. Rxf4 Kh5 45. a5 Kh4 46. a6 Kh3
47. Rf8 g3 48. fxg3 Kg4 49. a7 Kh3 50. a8=Q Kg4 51. Qf3+ Kh3 52. Rh8# 1-0